000 00773nam a2200217 a 4500
001 2024778
003 AM-YEHGA
005 20251006133046.0
008 250710s2025 ai a||||||||||00||||arm|d
020 _a978-9939-0-5337-0
040 _aAM-YEHGA
041 0 _aarm
100 1 _aԳրիգորյան, Ստեփան Վ.
245 1 0 _aՃանաչիր քո ողնաշարը :
_b[Ուսումնամեթոդական ձեռնարկ] /
_cՍ. Վ. Գրիգորյան ; Լեզվաբան խմբ.՝ Գ. Ռ. Հովյան.
260 _aԵրևան :
_bՀեղ. հրատ.,
_c2025.
300 _a164 էջ :
_bնկ.
650 1 4 _aԲժշկագիտություն
_94452
650 1 4 _aՈղնաշարի կառուցվածք
700 1 _aՀովյան, Գ.Ռ.
_eխմբ.
_4edt
942 _2udc
_cBK
999 _c535828
_d535828